[Event "St Petersburg"]
[Site "St Petersburg"]
[Date "1997.04.22"]
[Round "6"]
[White "Khalifman, Alexander"]
[Black "Aseev, Konstantin N"]
[Result "1-0"]
[WhiteElo "2650"]
[BlackElo "2530"]
[Annotator "Gofshtein,L"]
[PlyCount "75"]
[EventDate "1997.??.??"]
[EventType "tourn"]
[EventRounds "11"]
[EventCountry "RUS"]
[EventCategory "14"]
[SourceTitle "CBM 059"]
[Source "ChessBase"]
[SourceDate "1997.08.01"]
[SourceVersion "1"]
[SourceVersionDate "1997.08.01"]
[SourceQuality "1"]

1. e4 c5 2. Nf3 Nc6 3. d4 cxd4 4. Nxd4 Nf6 5. Nc3 d6 6. Bg5 e6 7. Qd2 a6 8.
O-O-O Bd7 9. f4 h6 10. Bh4 Be7 11. Nf3 Rc8 {more populiare 11.b5} 12. Kb1 {
In the game DVOIRIS/ASEEV,Russia 1995 was 12.e5 de 13.Ne5 Ne5 14.fe Nd5 15.Be7
Qe716.Nd5 ed17.Qd5Be618.Qd6Ba219.g3Be620.Bg2Rc721.Rhf10-0 22.Rf4Rfc8 with good
posithion for black} Nb8 13. Bd3 Bc6 14. e5 $5 $146 (14. f5 exf5 15. exf5 O-O
16. Nd4 Re8 17. Nxc6 Nxc6 18. Bxf6 Bxf6 19. Nd5 Bg5 20. Qf2 {DOLMATOV-ASEEV,
1992 Moskov} Re5 21. c4 Ne7 22. Nc3 $13) 14... dxe5 (14... Nd5 $6 15. Bxe7 Qxe7
16. Ne4 dxe5 17. fxe5 $16) (14... Nfd7 $5) 15. Nxe5 O-O $6 (15... Nbd7 16. Ng6
$1 fxg6 17. Bxg6+ Kf8 18. Qe2 Bb4 (18... Bc5 19. Qxe6 Qe7 20. Qb3 Nb6 21. Rhe1
Qc7 22. f5 $1 $36) 19. Qxe6 Qe7 20. Qb3 Bxc3 21. Qxc3 Qc5 22. Bxf6 gxf6 23.
Rxd7 Qxc3 24. Rf7+ Kg8 25. bxc3 Be8 26. Bf5 Kxf7 27. Bxc8 Bc6 28. Bh3 Re8 $14)
16. f5 exf5 17. Qf2 $1 g6 18. Bxf5 $6 (18. Bc4 Bd7 19. Nxg6 Rxc4 20. Nxe7+ Qxe7
21. Nd5 Nxd5 22. Bxe7 Nxe7 23. Qe3 $16) (18. Nxg6 fxg6 19. Bc4+ Kg7 20. Rxd8
$16) 18... Nfd7 $2 (18... Nd5 $1 19. Nxc6 Rxc6 $1 20. Nxd5 Bxh4 21. g3 Bf6 22.
Be4 $16) 19. Bxe7 Qxe7 20. Nxd7 Bxd7 21. Nd5 Qd8 22. Be4 $6 (22. Bxd7 Nxd7 23.
Rhe1 Re8 24. Rxe8+ Qxe8 25. Re1 $18) 22... Rc6 23. Rhf1 f5 24. Bf3 Kh7 25. Rfe1
Rf7 26. Nf4 Qb6 27. Qg3 Rd6 28. Nd5 Qc5 29. b4 Rb6 30. Qe5 Rxb4+ 31. Nxb4 Qxb4+
32. Qb2 $18 Qxb2+ 33. Kxb2 Bc6 34. Rd8 Bxf3 35. gxf3 Nc6 36. Rd6 f4 37. Ree6
Rg7 38. Kc3 1-0

[Event "Linares Anibal op 04th"]
[Site "Linares"]
[Date "1997.??.??"]
[Round "2"]
[White "Herrera, Irisberto"]
[Black "Khalifman, Alexander"]
[Result "1/2-1/2"]
[WhiteElo "2450"]
[BlackElo "2650"]
[Annotator "Rechlis,G"]
[PlyCount "148"]
[EventDate "1997.02.??"]
[EventType "swiss"]
[EventRounds "10"]
[EventCountry "ESP"]
[SourceTitle "CBM 058"]
[Source "ChessBase"]
[SourceDate "1997.06.01"]
[SourceVersion "1"]
[SourceVersionDate "1997.06.01"]
[SourceQuality "1"]

1. e4 c5 2. Nf3 d6 3. d4 cxd4 4. Nxd4 Nf6 5. Nc3 Nc6 6. Bg5 e6 7. Qd2 a6 8.
O-O-O h6 9. Be3 Be7 10. f3 Nxd4 11. Bxd4 b5 12. Kb1 Rb8 13. e5 {Experience
shows that this is not a very good way to fight for advantage , however it is
not a bad way to fight for a draw !} dxe5 14. Bxe5 Qxd2 15. Rxd2 Ra8 (15... Rb7
) 16. Bxf6 $6 {Following the same strategy ..} gxf6 $6 (16... Bxf6 17. Ne4 Be5
18. Nd6+ Ke7 (18... Bxd6 19. Rxd6 Ke7 20. Rd2 Bb7 $15) 19. Nxc8+ Rhxc8 $15) 17.
Ne4 O-O 18. Be2 Rd8 19. Rxd8+ Bxd8 20. c4 bxc4 21. Bxc4 Be7 22. Rd1 Ra7 $6 23.
Be2 $15 f5 24. Nd6 Bd7 25. Nc4 Bb5 26. b3 Kf8 27. a4 Be8 28. Nd6 Bd7 29. Nc4
Bc6 30. Ne5 Bd5 $17 {White's pointless game broad him on the verge of abyss .
However it's still very difficult for black to convert his big advantage into
a full point .} 31. Bc4 Bf6 32. Bxd5 Bxe5 33. Bc4 Bxh2 34. b4 Ke7 35. Kc2 Bd6
36. Kb3 Rb7 37. b5 a5 38. Rh1 Bf4 39. Rd1 Rb8 40. Rd4 Be3 41. Rd3 Bb6 42. Rd2
Rg8 43. Bf1 Rc8 44. Bc4 h5 45. Rd1 h4 $5 46. Bf1 Rc5 47. Bc4 Rc8 (47... Re5 $5
{Black came to conclusion that he can't make any progress with the rooks on
the board . Generaly speaking , white's drawing chances are greater without
the rooks thus , Khalifman probably have seen a winning plan .}) 48. Bf1 Rc7
49. Be2 Rd7 $3 {White's only chance . If the black king would get to g3 black
would win easily.} 50. Rxd7+ Kxd7 51. Kc4 Kd6 52. f4 $6 Be3 53. Bf3 f6 54. Bh5
Bxf4 55. b6 Kc6 $5 (55... e5 {Now it is a easy draw}) 56. Be8+ Kxb6 57. Bd7 e5
58. Bxf5 Kc6 59. Bh7 Kd6 60. Bf5 Bg3 61. Bg4 Bf2 62. Bf5 Ba7 63. Kd3 Kd5 64.
Bg6 Bb8 65. Bf5 Bc7 66. Bg6 Bd6 67. Bf5 Bf8 68. Bg6 Bh6 69. Bf5 Bf4 70. Bg6 Kc5
71. Ke4 Kc4 72. Bf5 Kc3 73. Bd7 Kd2 74. Bc6 Bg5 1/2-1/2

[Event "Linares Anibal op 04th"]
[Site "Linares"]
[Date "1997.??.??"]
[Round "4"]
[White "Minzer, Claudio Javier"]
[Black "Khalifman, Alexander"]
[Result "0-1"]
[WhiteElo "2430"]
[BlackElo "2650"]
[Annotator "Stohl,I"]
[PlyCount "72"]
[EventDate "1997.02.??"]
[EventType "swiss"]
[EventRounds "10"]
[EventCountry "ESP"]
[SourceTitle "CBM 058"]
[Source "ChessBase"]
[SourceDate "1997.06.01"]
[SourceVersion "1"]
[SourceVersionDate "1997.06.01"]
[SourceQuality "1"]

1. d4 Nf6 2. c4 c5 3. d5 b5 4. cxb5 a6 5. bxa6 g6 6. Nc3 Bxa6 7. e4 Bxf1 8.
Kxf1 d6 9. Nf3 Bg7 10. g3 O-O 11. Kg2 Nbd7 12. Re1 Ra6 {Currently the most
popular move in this line. Black's idea is to combine the typical Volga gambit
play on the open a+b-files with a central counterattack (e6) Lately this has
brought him good results.} ({Also deserving attention is the older alternative
} 12... Qa5 $5 13. h3 (13. e5 Ng4 14. exd6 exd6 15. Bf4 Rfb8 $5 16. Re2 Qa6 17.
Rc1 Nge5 18. Nxe5 Nxe5 19. Bxe5 Bxe5 20. Rcc2 Rb4 $1 21. Qd2 $6 (21. Qc1 $10)
21... Rd4 22. Qg5 Kg7 23. Qc1 Rd3 $44 {Rogozenko,D-Vajda,L/Bucuresti/1996/})
13... Rfb8 14. Re2 (14. Rb1 Nb6 15. e5 dxe5 16. Nxe5 Nfxd5 $1 17. Nxd5 Nxd5 18.
Nc6 Qxa2 19. Nxb8 Rxb8 20. Be3 Bxb2 21. Bxc5 Nc3 22. Rxb2 Qxb2 {1/2,Szeberenyi,
A-Kerek,C/Budapest FS02 IM-B/1997/}) 14... Rb4 15. Bg5 h6 16. Bxf6 Bxf6 17. Rc1
Rab8 18. Rcc2 Ne5 19. Nxe5 Bxe5 20. Qc1 Kg7 21. b3 c4 22. bxc4 Rxc4 23. Nd1
Qxa2 24. Qxh6+ Kxh6 25. Rxa2 Kg7 26. Kf3 Rbb4 27. Rac2 Rd4 28. Rcd2 Rdc4 $44 {
Akesson,R-Johansson,T/Rilton Cup9697/1997/}) 13. h3 (13. e5 $5 dxe5 14. Nxe5
Nxe5 15. Rxe5 Qd7 {Stohl,I-Zueger,B/Kottnauer mem/1996/} 16. Qf3 $5 Rb8 17. Re2
{[%cal Yc1f4] /\Bf4+/=}) 13... Qa8 ({Also interesting in the immediate} 13...
e6 $5 14. dxe6 fxe6 15. Bf4 Nh5 $1 16. Be3 (16. Bxd6 $2 Rxf3 $1 17. Kxf3 Rxd6
$1 $17) 16... Qa8 17. Kg1 Bxc3 18. bxc3 Qxe4 19. Ng5 Qd5 20. Qxd5 exd5 21. Ne6
Rc8 22. Rad1 Ne5 23. Re2 Nf6 24. Nf4 Re8 25. g4 Nf7 26. Kg2 $11 {1/2,
Nepomnishay,M-Andreev,K/St.Petersburg-ch/1997/}) 14. Bg5 (14. Qc2 e6 15. dxe6
fxe6 16. Ng5 d5 17. exd5 exd5 18. f3 Re8 19. Rxe8+ Qxe8 20. Bd2 Nf8 21. Re1 Qd7
$44 {Nimzo-Polgar,S/Aegon Den Haag/1996/}) 14... h6 (14... Rb8 $5 15. Rb1 h6
16. Bd2 Ne8 17. Re2 Nc7 18. Qc1 Kh7 19. b3 Ra3 20. Qc2 Ra7 21. a4 Rab7 22. Nd1
Qa6 23. Re1 c4 24. b4 Nc5 25. Ne3 Nxa4 26. Nxc4 Nc3 27. Bxc3 Qxc4 28. Rbc1 Na6
29. b5 Rxb5 30. Bxg7 Qxc2 $11 {Cummings,D-Othman,A/Jerevan olm/1996/}) 15. Bd2
e6 16. dxe6 fxe6 17. a4 ({A new idea, deserving serious attention, is} 17. Kg1
$5 {White's K is in all sorts of trouble on the long diagonal anyway, so this
move can't be a waste of time.} d5 (17... g5 $5 18. h4 g4 19. Nh2 h5 $132) 18.
exd5 exd5 19. Nh4 $1 d4 20. Qb3+ Kh7 21. Qc2 dxc3 $2 (21... Nd5 $142 $14) 22.
Qxg6+ Kg8 23. Bxc3 Rf7 24. Nf5 Kf8 25. Rad1 Nh5 26. Rd6 Rxd6 27. Bxg7+ Nxg7 28.
Qxd6+ Kg8 29. Nxh6+ {1-0, Haba,P-Riemersma,L/BL2-W/1996/}) 17... g5 $1 {
An important move. Although it weakens the >>, Black denies the white B the
f4-square.} (17... d5 18. exd5 exd5 19. Nb5 Qb7 20. Bf4 g5 21. Bd6 Rf7 22. Nd2
d4+ 23. Qf3 Qxf3+ 24. Nxf3 Nd5 25. Nd2 d3 26. Ra3 Bxb2 27. Rxd3 $36 {Beliavsky,
A-Khalifman,A/Novosibirsk/1995/}) 18. Qc2 d5 19. exd5 $146 {Not a very good
novelty, White should try to hold the a8-h1 diagonal closed as long as
possible.} (19. Ra3 $142 Rb6 (19... Rf7 $6 20. exd5 exd5 21. Nb5 Qb7 22. Bxg5
hxg5 23. Nxg5 Nf8 24. Nxf7 Qxf7 25. Rf3 Ne6 26. Qf5 Qh5 {Atalik,S-Khalifman,A/
Hastings/1996/} 27. Re5 $1 $36) 20. Bc1 Rf7 21. Nd2 Rb4 22. Kg1 $5 {[%cal
Yc3b5] /\Nb5~~} (22. Rb3 Rxb3 23. Qxb3 c4 24. Nxc4 dxc4 25. Qxc4 Ne5 26. Qxe6
Nd3 $15 {Ljubojevic,L-Topalov,V/Linares/1995/})) 19... exd5 20. Nb5 Qb7 $36 21.
Bxg5 $2 {A tactical mistake. White maybe got confused and thought he was
following the Atalik-Khalifman game, but here he is 3(!) tempi down and such a
sacrifice can't work.} (21. Rad1 Ne4 $40) (21. Nh2 $5 Ne4 (21... d4+ 22. Kg1
$13) 22. f3 Nxd2 23. Qxd2 Ne5 $36) 21... hxg5 22. Nxg5 d4+ 23. Kg1 Qd5 $1 {
The most convincing. Black gives back some material and starts a forceful and
strong attack himself.} 24. Nc7 (24. f4 d3 25. Qd2 c4 $19) (24. h4 Rc6 $19) (
24. Qg6 $6 Ne5 $19) 24... Qxg5 25. Nxa6 Ne5 $1 26. Rxe5 (26. Qe2 Nh5 $1 $40 {
[%cal Rh5g3,Re5f3] /\Nf3,Ng3}) (26. Kg2 Nh5 27. Nxc5 Nf4+ 28. Kf1 Nxh3 29. Ne4
Qg6 $40) 26... Qxe5 27. Nxc5 (27. Qxc5 Qe6 28. Nb4 Qxh3 $19) 27... Qd5 28. Nd3
(28. Qb3 $142 Qxb3 29. Nxb3 Ne4 30. Rf1 Rb8 $17 (30... d3 $5)) 28... Ne4 29.
Qe2 $6 (29. h4 Bh6 {[%cal Re4d2] /\Nd2} 30. Rd1 Nxf2 $1 31. Nxf2 Be3 32. Rf1 (
32. Qg6+ Kh8 33. Rf1 Qf3 34. Kh2 Qe2 $19) 32... d3 33. Qd1 Rf3 $19) 29... Ng5
$19 30. f4 (30. h4 Nf3+ 31. Kf1 Nxh4 $1 $19) 30... Nxh3+ 31. Kh2 Rf6 $1 32. Qg2
(32. Kxh3 Rh6+ 33. Kg4 Qh5#) 32... Qf5 33. Qf3 (33. Qxh3 Rh6 34. Qxh6 Bxh6 35.
Nf2 Qc2 $19) 33... Ng5 34. Qf1 (34. Qe2 Qh3+ $19) 34... Rh6+ 35. Kg1 Qe4 $1 36.
Nf2 (36. fxg5 Rh1+ 37. Kf2 Rh2+ 38. Kg1 Qh1#) 36... Nf3+ (36... Nf3+ 37. Kg2
Rh2#) 0-1

[Event "Linares Anibal op 04th"]
[Site "Linares"]
[Date "1997.??.??"]
[Round "7"]
[White "Khalifman, Alexander"]
[Black "Wojtkiewicz, Aleksander"]
[Result "0-1"]
[WhiteElo "2650"]
[BlackElo "2565"]
[Annotator "Huebner,R"]
[PlyCount "88"]
[EventDate "1997.02.??"]
[EventType "swiss"]
[EventRounds "10"]
[EventCountry "ESP"]
[SourceTitle "CBM 058"]
[Source "ChessBase"]
[SourceDate "1997.06.01"]
[SourceVersion "1"]
[SourceVersionDate "1997.06.01"]
[SourceQuality "1"]

1. d4 d5 2. c4 c6 3. Nf3 Nf6 4. Nc3 dxc4 5. a4 Bf5 6. Ne5 e6 7. g3 Bb4 8. Bg2
Ne4 9. O-O Nxc3 10. bxc3 Bxc3 11. Ba3 Qxd4 12. Nxc4 Qxc4 13. Qd6 Bf6 14. Rfd1
e5 15. Rab1 {Diese Fortsetzung ist anscheinend nicht genügend; man wird dem
Zug 15.Dc7 seine Aufmerksamkeit zuwenden müssen. Vgl. Z. Ribli, Slawische
Verteidigung D16-19 (Informatormonographie), D17/55, Fußnote 350.} Qe6 (15...
Bxb1 {ist verfehlt:} 16. Bh3 c5 ({Nach} 16... Bd3 17. Rxd3 Qxd3 18. exd3 {
gibt es keine ausreichende Verteidigung gegen die Drohung 19.Dc7)}) 17. Bxc5
Qxa4 18. Rd5 Qa1 19. Bd7+ Kd8 20. Bb6+ axb6 21. Qxb6+ Ke7 22. Qc5+ Kd8 23. Bb5+
Nd7 24. Rxd7+ Ke8 25. Rd5#) (15... Qa6 16. Qc7 b5 {führt zu großen
Verwicklungen; Analysen darüber kann man bei Z. Ribli, Slawisch D16-19, D17/55,
Fußnote 350 und 351, nachlesen. Ich reproduziere sie hier nicht, weil mir der
Textzug zum Gewinn für Schwarz zu führen scheint.}) 16. Qc7 Qc8 (16... Bxb1 $5)
17. Qxb7 Qxb7 18. Rxb7 e4 19. g4 Bc8 20. Rc7 Bxg4 $146 (20... Na6 $2 {wurde
früher gespielt:} 21. Bxe4 c5 22. Bc6+ (22. Bxc5 $2 Bd7 23. Rcxd7 Nxc5 24. Bxa8
Nxd7 25. Bc6 O-O 26. Rxd7 a5 27. Ra7 Bc3 28. Bd5 $6 (28. g5 h6 29. gxh6 gxh6
30. Bd5 $16) 28... g5 $14 {1/2-1/2 Knaak,R-Hertneck,G/Badenweiler op 1990 (45)}
) 22... Kf8 23. Bxc5+ Kg8 (23... Nxc5 24. Bxa8 $18) 24. Be7 h6 25. Rd8+ Kh7 26.
Be4+ Bf5 (26... g6 27. Bxf6 Rxd8 28. Bxd8 Nxc7 29. Bxc7 $18) 27. Bxf5+ g6 28.
Bxg6+ Kxg6 29. Rc6 $18 {Nach dem Textzug sehe ich keine befriedigende
Fortsetzung für Weiß.}) 21. Bxe4 Bd7 22. Bd6 ({Ungenügend ist auch} 22. Bxc6
Nxc6 23. Rdxd7 Bd8 24. Rb7 Na5 25. Rxa7 Rxa7 26. Rxa7 h5 $19) 22... Be7 23. Bf4
(23. Bxe7 Kxe7 24. Bxc6 Nxc6 25. Rdxd7+ Ke6 26. Rxf7 g6 {genügt natürlich
nicht zur Rettung der Partie.}) 23... f5 24. Bd3 Be6 25. Bc4 Kf7 26. Bxe6+ Kxe6
{Der Rest ist offensichtlich nicht mehr schwierig für Schwarz.} 27. Rd3 Bc5 28.
Rxg7 Na6 29. Rh3 Rag8 30. Rhxh7 Rxh7 31. Rxg8 Bb6 32. Rg6+ Kd5 33. Rd6+ Kc5 34.
Rf6 Rh5 35. Bd2 Kd5 36. a5 Bc7 37. h4 Be5 38. Rf7 Nc7 39. Bg5 Ke6 40. Re7+ Kd6
41. Rf7 Ne6 42. Rxf5 Nxg5 43. hxg5 Ke6 44. e4 Rh4 0-1

[Event "Linares Anibal op 04th"]
[Site "Linares"]
[Date "1997.??.??"]
[Round "8"]
[White "Comas Fabrego, Luis"]
[Black "Khalifman, Alexander"]
[Result "0-1"]
[WhiteElo "2465"]
[BlackElo "2650"]
[Annotator "Meulders,R"]
[PlyCount "92"]
[EventDate "1997.02.??"]
[EventType "swiss"]
[EventRounds "10"]
[EventCountry "ESP"]
[SourceTitle "CBM 058"]
[Source "ChessBase"]
[SourceDate "1997.06.01"]
[SourceVersion "1"]
[SourceVersionDate "1997.06.01"]
[SourceQuality "1"]

1. d4 Nf6 2. c4 g6 3. Nc3 Bg7 4. e4 d6 5. Nf3 O-O 6. h3 e5 7. d5 Na6 8. Bg5 h6
9. Be3 Nc5 10. Nd2 a5 11. g4 (11. a3 Ne8 12. b4 axb4 13. axb4 Rxa1 14. Qxa1 Na6
15. Qa3 f5 {Beliavsky,A-Khalifman,A/Ubeda/1997}) 11... c6 12. Be2 a4 13. b4
axb3 14. axb3 Rxa1 15. Qxa1 Na6 16. Qa3 c5 $1 {Ein Fels vor der Tür. Weiß hat
am Damenflügel - sein natürliches Terrain im Königsinder - nichts zu bestellen,
cf. den Unterschied zu Beliavsky-Khalifman.} 17. Qc1 $6 (17. Na2 Qb6 $5) 17...
Nb4 18. Kf1 Kh7 19. Nf3 Qe7 20. Qd1 Kh8 21. Ne1 Bd7 22. Nd3 Ra8 23. f3 Nxd3 24.
Bxd3 h5 25. Kg2 Nh7 26. Qc2 Bf6 27. Rb1 Ng5 28. b4 b6 29. bxc5 bxc5 30. Nd1 Ba4
31. Qb2 Bxd1 $5 32. Rxd1 hxg4 33. hxg4 Kg7 34. Rh1 Rh8 35. Rxh8 Kxh8 36. Qb8+
$2 {Warum dieses Schach? Zeitnot? Nach 36.Qd2 z.B. sehe ich nicht, was Weiß
noch passieren kann. Es folgt nun ein tödlicher Cocktail aus weißer
Planloskeit und Furcht.} Kg7 37. Be2 Nh7 38. Bd2 Bh4 39. Be3 Bg5 40. Bf2 Bf4
41. Bd3 $6 (41. Qb1) 41... Qf6 42. Bc2 Bd2 43. Ba4 $2 (43. Qb1) 43... Bc3 44.
Bd1 Bd4 45. Be1 Qf4 46. Qb3 {Reichlich spät, denn die weiße Stellung wirkt
schon zu sehr kompromittiert.} Qh6 {/\Ng5/Qh3#; 47.Bf2[] Ng5 48.Be3 Qh3 49.Kf2
Qh2-+} 0-1

[Event "Linares Anibal op 04th"]
[Site "Linares"]
[Date "1997.??.??"]
[Round "9"]
[White "Khalifman, Alexander"]
[Black "Mikhalevski, Victor"]
[Result "1/2-1/2"]
[WhiteElo "2650"]
[BlackElo "2535"]
[Annotator "Hansen,Cu"]
[PlyCount "81"]
[EventDate "1997.02.??"]
[EventType "swiss"]
[EventRounds "10"]
[EventCountry "ESP"]
[SourceTitle "CBM 058"]
[Source "ChessBase"]
[SourceDate "1997.06.01"]
[SourceVersion "1"]
[SourceVersionDate "1997.06.01"]
[SourceQuality "1"]

1. e4 {Mikhalevski,V} e5 2. Nf3 Nc6 3. Bb5 a6 4. Ba4 Nf6 5. O-O Nxe4 6. d4 b5
7. Bb3 d5 8. dxe5 Be6 $5 9. Be3 {Since the 10th matchgame of Kasparov-Anand
1995 it has not been clear whether the open Spanish is playable or not - and
which line black should choose after 9. Nbd2 Nc5 10.c3. At the moment Ivan
Sokolovs idea 10..d4 11.Ng5 Bd5 seems to be the most solid defence. Another
idea is the setup 10..Bg4 played by Kortschnoj amongst others.} (9. Nbd2 $5 Nc5
10. c3 d4 11. Ng5 Bd5 $5 (11... dxc3 $6 12. Nxe6 fxe6 13. bxc3 Qd3 14. Bc2 Qxc3
15. Nb3 $40 {Kasparov-Anand/New York Wch/1995}) 12. Bxd5 Qxd5 13. Nb3 Nxb3 14.
axb3 Be7 15. Nf3 d3 16. Be3 O-O $132 {Onischuk,A-Sokolov,I/Hoogovens Wijk aan
Zee 1997/CBM 57}) 9... Be7 10. c3 (10. Nbd2 Nc5 $132) 10... O-O 11. Nbd2 Qd7 {
This setup has gotten the seal of approval by experts like I. Sokolov, Anand
and Krasenkov. The russian grandmaster wrote a book on the open Spanish
(Cadogan) not so long ago.} 12. Re1 (12. Bc2 f5 $13) 12... Rad8 $5 {This
position can also be reached via 10..Qd7 11. Nbd2 Rd8 12.Re1 0-0} 13. Bc2 Nxd2
(13... Bf5 {Mikhalevski,V} 14. Nxe4 Bxe4 15. Bxe4 dxe4 16. Qxd7 Rxd7 17. e6 $1
fxe6 18. Nd2 Ne5 19. Nxe4 Nd3 20. Re2 $14 {Dolmatov,S-Yusupov,A Wijk aan Zee
1991/}) (13... f5 $5 {Mikhalevski,V} 14. exf6 Nxf6 15. Qb1 h6 16. Nh4 Ne5 17.
Nb3 Nfg4 18. Nc5 Qc8 19. Nxe6 Qxe6 20. Bh7+ Kh8 {Georgiev,Kir-Ivanchuk,V
Manila ol 1992 Inf 55/337/} 21. Bg5 $1 $132) 14. Qxd2 Bf5 15. Rad1 (15. h3 {
Mikhalevski,V} Be4 16. Bxe4 dxe4 17. Qxd7 Rxd7 18. e6 fxe6 19. Nd2 Ne5 {
1/2-1/2 Madl,I-Karsa,L/Zalakaros op 1991}) (15. Bxf5 $5 $146 {Mikhalevski,V}
Qxf5 16. Nd4 Nxd4 17. cxd4 c5 $1 18. dxc5 d4 19. Bf4 Bxc5 20. Rac1 Rc8 (20...
Bb6 21. Rc6) 21. h3 (21. Bg3 $5) 21... Bb6 $10 22. Bg3 h6 23. Qb4 $6 (23. Kh2
$5 {/\f4/} d3) 23... d3 24. Rxc8 Rxc8 25. Qd6 $6 (25. Rd1 $5) 25... Ba5 26. b4
(26. Rd1 d2 27. b4 Rd8) 26... Rd8 27. Qc5 d2 28. Rd1 Qe4 $19 {0-1 Kharlov,
A-Krasenkow,M/Rostov op 1993 (45)}) 15... Bxc2 {A relatively new idea and
somewhat more active style of play than what was played before. This move was
tried out twice by Mikhalevski recently.} (15... Rfe8 {Tested twice in the
candidates match Dolmatov-Yusupov 1991. Game three of the match was drawn,
game five won be white. Though black seemed to be ok.} 16. Bf4 (16. h3 {
Mikhalevski,V} Qe6 {16. - h6 17.Bf4 Dolmatov,S-Yusupov,A, (m3) Wijk 1991} (
16... h6 17. Bf4 Bf8 (17... Qe6 18. Bg3 Qg6 19. Bxf5 Qxf5 20. Qe3 Bf8 21. Nd4
Nxd4 (21... Qg6 22. f4 Nxd4 23. cxd4 c5 24. dxc5 Bxc5 (24... d4 25. Qf3 $14)
25. Qxc5 Qxg3 26. Qf2 (26. Rf1 d4 27. Rf3 Qg6 28. Rfd3 Qe6 29. Rxd4 Rxd4 30.
Rxd4 Qxa2 $14) 26... Qxf2+ 27. Kxf2 d4 $1 28. Ke2 (28. Re4 f6 29. Rexd4 Rxd4
30. Rxd4 fxe5 31. Re4 Rf8 $10) (28. Kf3 g5 $1) 28... g5 (28... f6 29. Kd3 fxe5
30. Rxe5 Rxe5 31. fxe5 Rf8 32. Rd2 Rf4 $10) 29. g3 f6 30. Kd3 gxf4 31. gxf4 Kf7
32. Rc1 fxe5 33. fxe5 Re6 34. Rc5 Rg6 35. Rc7+ Ke8 36. e6 Rd6 37. e7 Rge6 38.
Rxe6 Rxe6 39. Ra7 Re3+ 40. Kxd4 Rxh3 41. b3 Rh5 {1/2-1/2 Lautier,J-Krasenkow,M/
Erevan olm 1996}) 22. cxd4 Be7 23. Qc3 Qe6 24. Rc1 c5 25. dxc5 d4 26. Qd3 Qxa2
27. c6 Qxb2 28. c7 Rc8 29. Rc6 Bb4 30. Re4 Qd2 31. Qb3 Re7 32. Bf4 Qe1+ 33.
Rxe1 Bxe1 34. e6 Ba5 35. Qa3 {1-0 Anand,V-Kamsky,G/Monaco rapid 1995}) 18. Bg3
Bxc2 19. Qxc2 Qe6 20. Nd4 Nxd4 21. cxd4 Rc8 22. f4 c5 {22. - f5 23.Bf2} 23. f5
cxd4 24. Qd3 $14 {1/2-1/2 Dolmatov,S-Jussupow,A/Wijk cm1 1991 (47)}) 17. Bg5
Bxc2 18. Qxc2 Qg6 19. Qxg6 hxg6 20. Bf4 Bc5 21. Nd4 Nxd4 22. cxd4 Bb6 23. Re2
$14 {1-0 Dolmatov,S-Jussupow,A/Wijk cm1 1991 (61)}) 16... Qe6 17. Bg3 Qg6 18.
Bxf5 Qxf5 19. Qe3 $14 {Lautier,J-Krasenkov,M/olm 1996/EXT 96ch2} (19. Qe3 $1
$14 Qg6 $5 (19... Bf8 20. Nd4 (20. h3 Qg6) 20... Qg6 21. f4) 20. Nd4 Bc5)) (
15... Na5 {Mikhalevski,V} 16. Nd4 Be4 17. Bxe4 dxe4 18. Qc2 Nc4 19. Bf4 c5 20.
e6 fxe6 21. Ne2 Qc6 22. Rxd8 Bxd8 23. b3 e3 $1 $15 {Cherniaev,A-Krasenkow,M/
Moscow ZSKS 1992/0-1 (55)}) 16. Qxc2 Qg4 (16... f6 17. exf6 Bxf6 18. Bc5 Rfe8
19. h3 $14 {Golod,V-Mikhalevski,V/Festival Beersheba XVI 1997} (19. h3 {
Mikhalevski,V} Rxe1+ $6 (19... Ne5 $142) 20. Rxe1 Re8 21. Rxe8+ Qxe8 22. Qf5
$16 {1/2-1/2 Golod,V-Mikhalevski,V/Festival Beersheba X 1997 (28)})) (16...
Rfe8 $5 {Mikhalevski,V} 17. Ng5 Bxg5 18. Bxg5 Rb8 19. f4 $13 {1-0 Bojkovic,
N-Forgo,E/EU-chTW Debrecen 1992 (39)}) 17. h3 Qe4 (17... Qh5 {Mikhalevski,V})
18. Qd2 Nxe5 $8 {The idea of blacks Q-manouvre. Whites strong e5-P disappears.
White now has the choice between winning material and having the better
P-structure.} (18... Qg6 {Mikhalevski,V} 19. Qd3 $1 $14) 19. Nxe5 Qxe5 20. Bf4
(20. Bc5 Qxe1+ 21. Rxe1 Bxc5 {Black is controlling the white Squares with his
Ps and the black squares with his B. Without having any weaknesses. He should
not have problems drawing.}) 20... Qf6 21. Bxc7 Rd7 22. Be5 Qf5 {[%csl Rd5]
Black has only one weakness - d-P. Maybe white could have tried to combine
pressure against d5 with some threats on one of the flanks.} 23. Qd3 Qxd3 24.
Rxd3 f6 $1 {[%cal Yg8e6] The black king is given the good square f7} (24... Bc5
$5 {Mikhalevski,V} 25. Bd4 $1 Bxd4 26. Rxd4 Rc8 $1 27. Red1 (27. Re5 Rcd8)
27... Rc5 $1 $14) 25. Bd4 Kf7 26. f4 {/\f4-f5,Kg1-f2-f3,g2-g4,h3-h4,g4-g5(),
><e6} Bd6 27. f5 {[%csl Re6][%cal Ye1e6]} Re8 (27... Re7 $143 {Mikhalevski,V})
28. Rxe8 Kxe8 29. Kf2 Re7 30. Re3 (30. Bb6 Re5 31. g4 {[%csl Rd5][%cal Yf2f3,
Yb6f2,Yf2g3]} Kd7 32. Kf3 Kc6 $11) 30... Be5 (30... Rxe3 $5 $14 {Mikhalevski,V}
) 31. Bc5 Rd7 32. Kf3 (32. g4 $142 {Mikhalevski,V}) 32... Kd8 (32... g6 $1 {
Mikhalevski,V} 33. g4 gxf5 34. gxf5 Rg7 35. Bd4 Rg3+ 36. Kf2 Rxe3 37. Kxe3 Ke7
$11) 33. g4 h6 (33... d4 $2 {Mikhalevski,V} 34. Bb6+ $1 Kc8 35. cxd4 Bxd4 36.
Re8+ Kb7 37. Bxd4 Rxd4 38. Re7+ $16) (33... g6 $1 {Mikhalevski,V}) 34. h4 Kc7
35. g5 h5 36. g6 (36. Bf8 $1 {Mikhalevski,V /\g6} Rf7 37. Bb4 $1 Rd7 38. g6 $16
{/\39.Bf8,/\38...Rd8?39.Ba5+-Khalifman}) 36... Rd8 37. Ke2 Kc6 38. Bd4 Kd6 39.
Kd3 a5 40. a3 a4 41. Re1 1/2-1/2